00564nam a2200169Ia 4500020001800000082002000018245005100038260003000089300001400119440004600133504001900179650004800198650005600246650004800302700002500350700001900375 a9781138683235 a305.420973 POL- 0aPolitical psychology of women in U.S. politics aNew YorkbRoutledgec2017 axvi, 248p aRoutledge studies in political psychology aincludes index aWomen in politicszUnited states of America aWomenvpolitical activityzUnited states of America aWomen politicianszUnited states of America aSchneider, Monica C. aBos, Angela L.